Le classement du Ballon d'Or féminin - Statistiques

Statistiques générales
  • Ce quiz a été pris 38 fois
  • Le résultat moyen est 5 sur 6
Statistiques - réponses
Année Première Deuxième Troisième % Correct
2023 Bonmati Kerr Paralluelo
96%
2024 Bonmati Graham Hansen Paralluelo
96%
2021 Putellas Hermoso Kerr
93%
2022 Putellas Mead Kerr
93%
2018 Hegerberg Harder Marozsan
75%
2019 Rapinoe Bronze Morgan
64%
Aucun quiz correspondant
Distribution des résultats
% des personnes avec chaque résultat
Percentile par nombre de réponses
Votre historique - résultats
Vous n’avez pas pris ce quiz